Largest Banks in the United States - Statistics

General Stats
  • This quiz has been taken 107 times
  • The average score is 5 of 20
Answer Stats
Total Assets Answer % Correct
$3.3T Bank of America
96%
$4.2T JPMorgan Chase
93%
$1.9T Wells Fargo
78%
$1.7T Goldman Sachs
61%
$1.2T Morgan Stanley
48%
$2.4T Citigroup
39%
$486B Capital One
16%
$560B TD Bank
16%
$270 American Express
14%
$686B U.S. Bancorp
14%
$565B PNC Financial Services
6%
$427B The Bank of New York Mellon
5%
$297 BMO USA
4%
$338 State Street Corporation
4%
$523B Truist Financial
4%
$221 USAA
4%
$466B Charles Schwab Corporation
1%
$220 Citizens Financial Group
1%
$220 First Citizens BancShares
1%
$233 HSBC Bank USA
1%
No matching quizzes found
Score Distribution
Percent of People with Each Score
Percentile by Number Answered
Your Score History
You have not taken this quiz